| 000 | 01291cas a2200337 a 4500 | ||
|---|---|---|---|
| 999 |
_c8882 _d8882 |
||
| 001 | 8882 | ||
| 003 | BD-JhCC | ||
| 005 | 20180621121048.0 | ||
| 008 | 970211u199uuuuusa br p 0 0eng | ||
| 022 | _a1027-2593 | ||
| 035 | _a(BD-JhCC)8882 | ||
| 040 |
_aDLC _cDLC _dOCLCQ _dDLC _dOCLCQ _dOCLCO _dOCLCQ _dOCLCF _dOCLCO _dBD-JhCC |
||
| 041 | _aeng | ||
| 050 | 0 | 0 |
_aTN115 _b.M56 |
| 082 | 0 | 0 |
_a622/.0968 _220 _bHAR 1999 |
| 100 | _aHerdman, T. | ||
| 245 | 0 | 0 |
_aLongmans colour geographies : _bMining in Southern Africa / _cT. Herdman |
| 260 |
_aHarare, Zimbabwe : _bPublished by Press Trust for Southern Africa on behalf of the Southern African Development Community (SADC) Mining Sector Co-ordinating Unit |
||
| 300 |
_av. : _bill. (some col.) ; _c30 cm. |
||
| 321 |
_aQuarterly, _b<1995>-2nd quarter 1999 |
||
| 650 | 0 |
_aMines and mineral resources _zAfrica, Southern _vPeriodicals. |
|
| 650 | 0 |
_aMining engineering _zAfrica, Southern _vPeriodicals. |
|
| 650 | 0 |
_aMineral industries _zAfrica, Southern _vPeriodicals. |
|
| 650 | 7 | _aMineral industries. | |
| 650 | 7 | _aMines and mineral resources. | |
| 650 | 7 | _aMining engineering. | |
| 651 | 7 | _aAfrica, Southern. | |
| 655 | 7 |
_aPeriodicals. _2fast |
|
| 942 |
_2ddc _cBK |
||